Kursus 3 C (cergas, ceria & cekap) [ 18 - 21 April 2011
| Corporate Author: | |
|---|---|
| Format: | Book |
| Published: |
Kajang :
Institut Penilaian Negara ,
2011
|
| Subjects: |
MARC
| LEADER | 00000cam a2200000 7i4500 | ||
|---|---|---|---|
| 001 | 0000024078 | ||
| 005 | 20120120.0 | ||
| 008 | 120120 | ||
| 040 | |a INS | ||
| 090 | 0 | 0 | |a VCD 1884 |
| 245 | 1 | 0 | |a Kursus 3 C (cergas, ceria & cekap) [ |h cakera video] : |b 18 - 21 April 2011 |
| 260 | |a Kajang : |b Institut Penilaian Negara , |c 2011 | ||
| 300 | |a 1 cakera video (54 min ) : |b by., wrn. ; |c 4 3/4 in. | ||
| 650 | 0 | |a Physical education and training | |
| 650 | 0 | |a Physical training | |
| 710 | 1 | |a Institut Penilaian Negara | |
| 999 | |a VCD0001884 |b VIDEO CD |c Media Collection |e Default branch | ||